|
|
|
|
| LEADER |
01096nam a22003252a 4500 |
| 001 |
001941809 |
| 003 |
CZ BrMZK |
| 005 |
20250717064445.0 |
| 007 |
ta |
| 008 |
250716s1993 xr er 000 0 cze d |
| 015 |
|
|
|a cnb000080957
|
| 020 |
|
|
|a 80-237-0289-0
|q (brož.) :
|c Kč 9,90
|
| 035 |
|
|
|a (OCoLC)39567751
|
| 040 |
|
|
|a ABA001
|b cze
|d BOA001
|
| 041 |
1 |
|
|a cze
|h ger
|
| 080 |
9 |
|
|a 82-31/-32
|
| 100 |
1 |
|
|a Althoff, Magda
|7 xx0135527
|4 aut
|
| 245 |
1 |
0 |
|a Zůstaň, jaká jsi /
|c Magda Althoffová ; přeložil Marek Albert
|
| 250 |
|
|
|a 1. vyd.
|
| 260 |
|
|
|a Praha :
|b Ivo Železný,
|c 1993
|e (Praha :
|f Česká typografie)
|
| 300 |
|
|
|a 60 s. ;
|c 20 cm
|
| 490 |
1 |
|
|a Knihovnička Večerů pod lampou. Román lásky ;
|v sv. 39
|
| 500 |
|
|
|a Přeloženo z němčiny
|
| 655 |
|
7 |
|a milostné povídky
|7 fd132834
|2 czenas
|
| 765 |
0 |
|
|t Bleib, wie du bist
|9 Česky
|
| 830 |
|
0 |
|a Knihovnička Večerů pod lampou.
|p Román lásky
|0 s
|
| 910 |
|
|
|a BOA001
|b 1-1546.720
|
| 990 |
|
|
|a BK
|
| 991 |
|
|
|b 202507
|
| 996 |
6 |
|
|b 2611003886
|c 1-1546.720
|l MZK
|r Sklad / do 1 hodiny
|n 0
|p dar
|w 002012387
|u 000010
|a 1
|e BOA001
|j MZK50
|s P
|